Россия - "тяжеловес" на нефтяной арене; Нефть России; № 12

Podrobná bibliografie
Parent link:Нефть России: аналитический журнал.— , 1996, 1999-2012
№ 12.— 2003.— С. 62-67
Další autoři: Карлос Рамон Мендоса Потелла, Андрианов В.
Jazyk:ruština
Vydáno: 2003
Edice:Из первых уст
Témata:
Médium: MixedMaterials Kapitola
KOHA link:https://koha.lib.tpu.ru/cgi-bin/koha/opac-detail.pl?biblionumber=389571

MARC

LEADER 00000naa2a2200000 4500
001 389571
005 20231101063901.0
035 |a (RuTPU)RU\TPU\prd\21975 
090 |a 389571 
100 |a 20040129a2003 k y0rusy50 ca 
101 0 |a rus 
102 |a RU 
200 1 |a Россия - "тяжеловес" на нефтяной арене  |f [Беседа с] Карлос Рамон Мендоса Потелла; [Беседовал] В. Андрианов 
225 1 |a Из первых уст 
461 1 |0 (RuTPU)RU\TPU\prd\1610  |t Нефть России  |o аналитический журнал  |d 1996, 1999-2012 
463 1 |0 (RuTPU)RU\TPU\prd\21104  |t № 12  |v С. 62-67  |d 2003 
610 1 |a нефть 
610 1 |a нефтяные эксперты 
610 1 |a нефтяные рынки 
610 1 |a перспективы 
610 1 |a Россия 
610 1 |a несбалансированное развитие 
702 1 |a Карлос Рамон Мендоса Потелла  |4 460 
702 1 |a Андрианов  |b В.  |4 470 
801 1 |a RU  |b 63413507  |c 20040129  |g PSBO 
801 2 |a RU  |b 63413507  |c 20130802  |g RCR 
942 |c BK